Reflections of a statesman : (Record no. 92919)
[ view plain ]
| 000 -LEADER | |
|---|---|
| fixed length control field | 00965nam a22002297a 4500 |
| 005 - DATE AND TIME OF LATEST TRANSACTION | |
| control field | 20150515144452.0 |
| 010 ## - LCCN (DPL NO) | |
| LC control number | ENG-112680 |
| 020 ## - INTERNATIONAL STANDARD BOOK NUMBER | |
| Terms of availability | 195.00 |
| International Standard Book Number | 9788123763460 |
| 035 ## - SYSTEM CONTROL NUMBER | |
| System control number | EN-96212 |
| 037 ## - SOURCE OF ACQUISITION | |
| Source of stock number/acquisition | DBAD/PUB |
| 082 ## - DEWEY DECIMAL CLASSIFICATION NUMBER | |
| Classification number | 303.4840954 |
| 100 ## - MAIN ENTRY--PERSONAL NAME | |
| Personal name | Venkataraman, Ramaswami |
| 245 00 - TITLE STATEMENT | |
| Title | Reflections of a statesman : |
| Statement of responsibility, etc | by R. Venkataraman ;compiled and introduced by Ramaswamy R. Iyer with assistance from Suhasini Ramaswamy [and] Mahadevan Ramaswamy. |
| Remainder of title | selected post-presidential speeches of R. Venkataraman, former president of India |
| 260 ## - PUBLICATION, DISTRIBUTION, ETC. (IMPRINT) | |
| Place of publication, distribution, etc | New Delhi |
| Name of publisher, distributor, etc | National Book Trust |
| Date of publication, distribution, etc | 2011 |
| 270 ## - ADDRESS | |
| Address | Nehru Bhawan, 5 Institutional Area, Phase-ll Vasant Kunj |
| City | New Delhi |
| Postal code | 110070 |
| 300 ## - PHYSICAL DESCRIPTION | |
| Extent | xx, 403 p., [4] p. of plates : |
| Dimensions | 22cm(pbk) |
| Other physical details | ill. (chiefly col.) |
| 520 ## - SUMMARY, ETC. | |
| Summary, etc | On various topics. |
| 700 ## - ADDED ENTRY--PERSONAL NAME | |
| Personal name | Iyer, Ramaswamy R. |
| 700 ## - ADDED ENTRY--PERSONAL NAME | |
| Personal name | Ramaswamy, Suhasini. |
| 700 ## - ADDED ENTRY--PERSONAL NAME | |
| Personal name | Ramaswamy, Mahadevan. |
| 942 ## - ADDED ENTRY ELEMENTS (KOHA) | |
| Source of classification or shelving scheme | Dewey Decimal Classification |
| Item type | English Books |
| Call number suffix | VEN |
| Classification part | 303.4840954 |
| Withdrawn status | Lost status | Not for loan | Collection code | Home library | Current library | Date acquired | Source of acquisition | Cost, normal purchase price | Full call number | Barcode | Copy number | Cost, replacement price | Koha item type |
|---|---|---|---|---|---|---|---|---|---|---|---|---|---|
| Not For Loan | Non-fiction | D.B.Act.Division | D.B.Act.Division | 13/04/2015 | DBAD/PUB | 195.00 | 303.4840954 VEN | EN-96212 | 1 | 195.00 | English Books |
